000
00344pam a2200157a 44500
008
230515b1992 xxu||||| |||| 00| 0 eng d
020
_a
NULL
041
_a
ENGLISH
082
_a
610.73
100
_a
BETZ C L
245
_a
MOSBYS PEDIATRIC NURSING REFERENCE
250
_a
0
260
_a
_b
MOSBEY
_c
1992
300
_a
560
650
_a
NULL
999
_c
526084
_d
526084